World class reading 2: Reading skill text

Gardado en:
Detalles Bibliográficos
Autor Principal: Rogers, Bruce
Formato: Libro
Idioma:Undetermined
Publicado: New York McGraw- Hill 2004
Những chủ đề:
Các nhãn: Engadir etiqueta
Sen Etiquetas, Sexa o primeiro en etiquetar este rexistro!
Thư viện lưu trữ: Trung tâm Học liệu Trường Đại học Cần Thơ
LEADER 00583nam a2200229Ia 4500
001 CTU_122062
008 210402s9999 xx 000 0 und d
020 |c 98000 
082 |a 428.34 
082 |b R724/CD.2 
100 |a Rogers, Bruce 
245 0 |a World class reading 2: 
245 0 |b Reading skill text 
245 0 |c Bruce Rogers 
260 |a New York 
260 |b McGraw- Hill 
260 |c 2004 
650 |a English language 
650 |x Study and teaching,Readers 
904 |i M.Loan 
915 |a 400 
980 |a Trung tâm Học liệu Trường Đại học Cần Thơ